Estructura de una comunidad de hormigueros, horneros y trepatroncos (Orden Aves) y su posible papel como indicadores para la caracterización de diferentes tipos de bosques en la Amazonia (Registro nro. 2182)

Detalles MARC
000 -CABECERA
Campo de control 00863nam a2200253 a 4500
005 - FECHA Y HORA DE LA ULTIMA TRANSACCION
Campo de control 20191224041626.0
008 - ELEMENTOS DE LONGITUD FIJA—INFORMACION GENERAL
Campo de control 140304b2001 ck |||||rm||| 00| 0 spa d
040 ## - FUENTE DE CATALOGACIÓN
Agencia catalogadora original CO-BoIAVH
Agencia transcriptora CO-BoIAVH
041 ## - IDIOMA
Código de idioma para texto/pista de sonido o título separado Español
044 ## - PAÍS DE PUBLICACIÓN
País de publicación Colombia
090 ## - CLASIFICACIÓN LOCAL
Colección TE
Consecutivo 0132
100 1# - ASIENTO PRINCIPAL--NOMBRE PERSONAL
Nombre personal Cajiao Nieto, Javier
9 (RLIN) 14900
245 10 - MENCION DE TITULO
Título Estructura de una comunidad de hormigueros, horneros y trepatroncos (Orden Aves) y su posible papel como indicadores para la caracterización de diferentes tipos de bosques en la Amazonia
260 ## - PUBLICACION, DISTRIBUCION, ETC. (PIE DE IMPRENTA)
Lugar de publicación, distribución, etc. Bogotá
Nombre del editor, distribuidor, etc. Universidad de los Andes. Facultad de Ciencias
Fecha de publicación, distribución, etc. 2001
300 ## - DESCRIPCION FISICA
Extensión 71 Paginas.
650 14 - ASIENTO SECUNDARIO DE MATERIA - TERMINO TEMATICO
Término temático o nombre geográfico como elemento de entrada Ecología de comunidades
9 (RLIN) 3558
650 14 - ASIENTO SECUNDARIO DE MATERIA - TERMINO TEMATICO
Término temático o nombre geográfico como elemento de entrada Trepatroncos
9 (RLIN) 14901
650 14 - ASIENTO SECUNDARIO DE MATERIA - TERMINO TEMATICO
Término temático o nombre geográfico como elemento de entrada Especies indicadoras
9 (RLIN) 4132
650 14 - ASIENTO SECUNDARIO DE MATERIA - TERMINO TEMATICO
Término temático o nombre geográfico como elemento de entrada Bioindicadores
9 (RLIN) 4131
650 14 - ASIENTO SECUNDARIO DE MATERIA - TERMINO TEMATICO
Término temático o nombre geográfico como elemento de entrada Aves
9 (RLIN) 75356
650 ## - ASIENTO SECUNDARIO DE MATERIA - TERMINO TEMATICO
Término temático o nombre geográfico como elemento de entrada Avifauna
9 (RLIN) 75357
662 ## - ASIENTO SECUNDARIO DE MATERIA - JERARQUIA DEL NOMBRE DE LUGAR(
País o entidad mayor Colombia
942 ## - ELEMENTOS ADICIONALES (KOHA)
Tipo de ítem Tesis
Sistema de clasificación Local
Existencias
Withdrawn status Lost status Sistema de Clasificación Damaged status No para préstamo Colección Ubicación Permanente Ubicación actual Fecha de adquisición Fuente de Valor Total Checkouts Número topográfico Inventario / Código de Barras Date last seen Ejemplar Price effective from Forma de adquisición Tipo de material Public note
    Local     Tesis Bogotá Bogotá 29/03/2001 Alvaréz, Mauricio   TE-0132 002753 04/12/2012 Ej. 1 04/12/2012 Donación Tesis Disponible solo para consulta en sala